Paradise lost, Book I / (Record no. 53969)

MARC details
000 -LEADER
fixed length control field 00393nam a2200145Ia 4500
005 - DATE AND TIME OF LATEST TRANSACTION
control field 20260430133759.0
008 - FIXED-LENGTH DATA ELEMENTS--GENERAL INFORMATION
fixed length control field 260429s9999||||xx |||||||||||||| ||und||
020 ## - INTERNATIONAL STANDARD BOOK NUMBER
International Standard Book Number 817581005X
082 ## - DEWEY DECIMAL CLASSIFICATION NUMBER
Classification number 821.4
Item number LAL
100 ## - MAIN ENTRY--PERSONAL NAME
Personal name Lall, Ramji
245 #0 - TITLE STATEMENT
Title Paradise lost, Book I /
Statement of responsibility, etc Ramji Lall
260 ## - PUBLICATION, DISTRIBUTION, ETC. (IMPRINT)
Place of publication, distribution, etc New Delhi :
Name of publisher, distributor, etc Rama Brothers India Pvt. Ltd.,
Date of publication, distribution, etc 2005.
300 ## - PHYSICAL DESCRIPTION
Extent viii, 287 p.; pbk
942 ## - ADDED ENTRY ELEMENTS (KOHA)
Koha item type Text Books
Holdings
Withdrawn status Lost status Damaged status Not for loan Home library Location Shelving location Date of Cataloging Source of acquisition Total Checkouts Full call number Barcode Date last seen Price effective from Koha item type
        CUTN Central Library CUTN Central Library Literature 30/04/2026 Gratis   821.4 LAL 55958 30/04/2026 30/04/2026 Text Books